00399nam a22001337a 450000500170000000800410001702000150005808200140007310000270008724500450011426000560015930000240021565000260023920231115100601.0231115b |||||||| |||| 00| 0 eng d a0409062839 a344.1 WAL aWallis, MJD lEnglish  aLabour and Employment Law /cMJD Wallis  aDurban : bButterworth Publishers (Pty) Ltd, c1992 b20 pages ; c26 cm. aLegal practice bLaw